LEADER 01442oam 2200445 450 001 9910708307703321 005 20161107091003.0 035 $a(CKB)4950000000063499 035 $a(OCoLC)949927182 035 $a(EXLCZ)994950000000063499 100 $a20160519d2016 ua 0 101 0 $aeng 135 $aurbn||||a|||| 181 $ctxt$2rdacontent 182 $cc$2rdamedia 183 $acr$2rdacarrier 200 10$aBusiness meeting $emeeting before the Committee on Environment and Public Works, United States Senate, One Hundred Fourteenth Congress, first session, January 21, 2015 210 1$aWashington :$cU.S. Government Publishing Office,$d2016. 215 $a1 online resource (iii, 28 pages) 225 1 $aS. hrg. ;$v114-253 300 $aTitle from title screen (viewed on May 19, 2016). 300 $aPaper version available for sale by the Superintendent of Documents, United States Government Publishing Office. 517 $aBusiness Meeting 606 $aExpenditures, Public$2fast 608 $aLegislative hearings.$2lcgft 608 $aLegislative hearings.$2fast 608 $aRules.$2fast 615 7$aExpenditures, Public. 801 0$bGPO 801 1$bGPO 801 2$bGPO 801 2$bSTF 801 2$bOCLCO 801 2$bOCLCF 801 2$bCWCLL 801 2$bGPO 906 $aBOOK 912 $a9910708307703321 996 $aBusiness meeting$93184312 997 $aUNINA LEADER 01504nam 2200385 a 450 001 9910701721003321 005 20120507151442.0 035 $a(CKB)5470000002420891 035 $a(OCoLC)793208399 035 $a(EXLCZ)995470000002420891 100 $a20120507d2012 ua 0 101 0 $aeng 135 $aurbn||||||||| 181 $ctxt$2rdacontent 182 $cc$2rdamedia 183 $acr$2rdacarrier 200 10$aNuclear safety$b[electronic resource] $earrangement between the United States of America and Spain signed at Vienna and Madrid, September 21 and 28, 2010, with addenda 210 1$a[Washington, D.C.] :$cU.S. Dept. of State,$d[2012?] 215 $a1 online resource (29 unnumbered pages) 225 1 $aTreaties and other international acts series ;$v10-921 300 $aTitle from title screen (viewed on May 7, 2012). 517 $aNuclear safety 606 $aNuclear facilities$xSafety measures$xResearch$zUnited States 606 $aNuclear facilities$xSafety measures$xResearch$zSpain 606 $aNuclear facilities$xSafety measures$xInternational cooperation 615 0$aNuclear facilities$xSafety measures$xResearch 615 0$aNuclear facilities$xSafety measures$xResearch 615 0$aNuclear facilities$xSafety measures$xInternational cooperation. 712 02$aUnited States.$bDepartment of State. 801 0$bGPO 801 1$bGPO 906 $aBOOK 912 $a9910701721003321 996 $aNuclear safety$92319825 997 $aUNINA